All time F1 Grand Prix Winners: - Statistics

General Stats
  • This quiz has been taken 8 times
  • The average score is 45 of 115
Answer Stats
Number Country Answers % Correct
105 ๐Ÿ‡ฌ๐Ÿ‡ง Lewis Hamilton
100%
67 ๐Ÿ‡ณ๐Ÿ‡ฑ Max Verstappen
100%
91 ๐Ÿ‡ฉ๐Ÿ‡ช Michael Schumacher
100%
6 ๐Ÿ‡ฉ๐Ÿ‡ช Ralf Schumacher
100%
51 ๐Ÿ‡ซ๐Ÿ‡ท Alain Prost
86%
41 ๐Ÿ‡ง๐Ÿ‡ท Ayrton Senna
86%
32 ๐Ÿ‡ช๐Ÿ‡ธ Fernando Alonso
86%
15 ๐Ÿ‡ฌ๐Ÿ‡ง Jenson Button
86%
21 ๐Ÿ‡ซ๐Ÿ‡ฎ Kimi Raikkonen
86%
25 ๐Ÿ‡ฆ๐Ÿ‡น Niki Lauda
86%
53 ๐Ÿ‡ฉ๐Ÿ‡ช Sebastian Vettel
86%
22 ๐Ÿ‡ฌ๐Ÿ‡ง Damon Hill
71%
14 ๐Ÿ‡ง๐Ÿ‡ท Emerson Fittipaldi
71%
6 ๐Ÿ‡จ๐Ÿ‡ฆ Gilles Villeneuve
71%
14 ๐Ÿ‡ฌ๐Ÿ‡ง Graham Hill
71%
11 ๐Ÿ‡จ๐Ÿ‡ฆ Jacques Villeneuve
71%
25 ๐Ÿ‡ฌ๐Ÿ‡ง Jim Clark
71%
6 ๐Ÿ‡ฆ๐Ÿ‡น Jochen Rindt
71%
10 ๐Ÿ‡ฟ๐Ÿ‡ฆ Jody Scheckter
71%
24 ๐Ÿ‡ฆ๐Ÿ‡ท Juan Manuel Fangio
71%
9 ๐Ÿ‡ฌ๐Ÿ‡ง Lando Norris
71%
20 ๐Ÿ‡ซ๐Ÿ‡ฎ Mika Hakkinen
71%
23 ๐Ÿ‡ง๐Ÿ‡ท Nelson Piquet
71%
31 ๐Ÿ‡ฌ๐Ÿ‡ง Nigel Mansell
71%
3 ๐Ÿ‡บ๐Ÿ‡ธ Phil Hill
71%
12 ๐Ÿ‡ฆ๐Ÿ‡บ Alan Jones
57%
13 ๐Ÿ‡ฎ๐Ÿ‡น Alberto Ascari
57%
8 ๐Ÿ‡ฒ๐Ÿ‡จ Charles Leclerc
57%
13 ๐Ÿ‡ฌ๐Ÿ‡ง David Coulthard
57%
5 ๐Ÿ‡ฎ๐Ÿ‡น Giuseppe Farina
57%
14 ๐Ÿ‡ฆ๐Ÿ‡บ Jack Brabham
57%
27 ๐Ÿ‡ฌ๐Ÿ‡ง Jackie Stewart
57%
10 ๐Ÿ‡ฌ๐Ÿ‡ง James Hunt
57%
6 ๐Ÿ‡ฌ๐Ÿ‡ง John Surtees
57%
12 ๐Ÿ‡บ๐Ÿ‡ธ Mario Andretti
57%
3 ๐Ÿ‡ฌ๐Ÿ‡ง Mike Hawthorn
57%
9 ๐Ÿ‡ฆ๐Ÿ‡บ Oscar Piastri
57%
6 ๐Ÿ‡ฒ๐Ÿ‡ฝ Sergio Perez
57%
16 ๐Ÿ‡ฌ๐Ÿ‡ง Stirling Moss
57%
12 ๐Ÿ‡ฆ๐Ÿ‡ท Carlos Reutemann
43%
4 ๐Ÿ‡ช๐Ÿ‡ธ Carlos Sainz
43%
8 ๐Ÿ‡ฆ๐Ÿ‡บ Daniel Ricciardo
43%
8 ๐Ÿ‡ณ๐Ÿ‡ฟ Denny Hulme
43%
1 ๐Ÿ‡ซ๐Ÿ‡ท Esteban Ocon
43%
11 ๐Ÿ‡ง๐Ÿ‡ท Felipe Massa
43%
1 ๐Ÿ‡ฎ๐Ÿ‡น Jarno Trulli
43%
5 ๐Ÿ‡ซ๐Ÿ‡ฎ Keke Rosberg
43%
5 ๐Ÿ‡ฎ๐Ÿ‡น Michele Alboreto
43%
23 ๐Ÿ‡ฉ๐Ÿ‡ช Nico Rosberg
43%
1 ๐Ÿ‡ซ๐Ÿ‡ท Pierre Gasly
43%
11 ๐Ÿ‡ง๐Ÿ‡ท Rubens Barrichello
43%
10 ๐Ÿ‡ซ๐Ÿ‡ฎ Valtteri Bottas
43%
1 ๐Ÿ‡ฎ๐Ÿ‡น Alessandro Nannini
29%
4 ๐Ÿ‡ณ๐Ÿ‡ฟ Bruce Mclaren
29%
5 ๐Ÿ‡จ๐Ÿ‡ญ Clay Regazzoni
29%
3 ๐Ÿ‡ซ๐Ÿ‡ท Didier Pironi
29%
4 ๐Ÿ‡ฌ๐Ÿ‡ง Eddie Irvine
29%
5 ๐Ÿ‡ฌ๐Ÿ‡ง George Russell
29%
10 ๐Ÿ‡ฆ๐Ÿ‡น Gerhard Berger
29%
3 ๐Ÿ‡ฎ๐Ÿ‡น Giancarlo Fisichella
29%
8 ๐Ÿ‡ง๐Ÿ‡ช Jacky Ickx
29%
6 ๐Ÿ‡ซ๐Ÿ‡ท Jacques Laffite
29%
1 ๐Ÿ‡ซ๐Ÿ‡ท Jean Alesi
29%
5 ๐Ÿ‡ฌ๐Ÿ‡ง John Watson
29%
2 ๐Ÿ‡ฆ๐Ÿ‡ท Jose-Froilan Gonzalez
29%
7 ๐Ÿ‡จ๐Ÿ‡ด Juan-Pablo Montoya
29%
9 ๐Ÿ‡ฆ๐Ÿ‡บ Mark Webber
29%
2 ๐Ÿ‡ซ๐Ÿ‡ท Patrick Tambay
29%
7 ๐Ÿ‡ซ๐Ÿ‡ท Rene Arnoux
29%
6 ๐Ÿ‡ฎ๐Ÿ‡น Riccardo Patrese
29%
1 ๐Ÿ‡ต๐Ÿ‡ฑ Robert Kubica
29%
10 ๐Ÿ‡ธ๐Ÿ‡ช Ronnie Peterson
29%
2 ๐Ÿ‡บ๐Ÿ‡ธ Bill Vukovich
14%
1 ๐Ÿ‡บ๐Ÿ‡ธ Bob Sweikert
14%
1 ๐Ÿ‡ง๐Ÿ‡ท Carlos Pace
14%
4 ๐Ÿ‡บ๐Ÿ‡ธ Dan Gurney
14%
2 ๐Ÿ‡ฎ๐Ÿ‡น Elio De Angelis
14%
1 ๐Ÿ‡ซ๐Ÿ‡ท Franรงois Cevert
14%
1 ๐Ÿ‡ฎ๐Ÿ‡น Giancarlo Baghetti
14%
1 ๐Ÿ‡ธ๐Ÿ‡ช Gunnar Nilsson
14%
1 ๐Ÿ‡ซ๐Ÿ‡ฎ Heikki Kovalainen
14%
1 ๐Ÿ‡ฌ๐Ÿ‡ง Innes Ireland
14%
1 ๐Ÿ‡ซ๐Ÿ‡ท Jean-Pierre Beltoise
14%
2 ๐Ÿ‡ซ๐Ÿ‡ท Jean-Pierre Jabouille
14%
1 ๐Ÿ‡บ๐Ÿ‡ธ Jimmy Bryan
14%
1 ๐Ÿ‡บ๐Ÿ‡ธ Jim Rathmann
14%
1 ๐Ÿ‡ธ๐Ÿ‡ช Jo Bonnier
14%
1 ๐Ÿ‡ฉ๐Ÿ‡ช Jochen Mass
14%
1 ๐Ÿ‡บ๐Ÿ‡ธ Johnnie Parsons
14%
3 ๐Ÿ‡ฌ๐Ÿ‡ง Johnny Herbert
14%
2 ๐Ÿ‡จ๐Ÿ‡ญ Jo Siffert
14%
1 ๐Ÿ‡บ๐Ÿ‡ธ Lee Wallard
14%
1 ๐Ÿ‡ฎ๐Ÿ‡น Lorenzo Bandini
14%
1 ๐Ÿ‡ฎ๐Ÿ‡น Ludovico Scarfiotti
14%
1 ๐Ÿ‡ฎ๐Ÿ‡น Luigi Fagioli
14%
1 ๐Ÿ‡ฎ๐Ÿ‡น Luigi Musso
14%
2 ๐Ÿ‡ซ๐Ÿ‡ท Maurice Trintignant
14%
1 ๐Ÿ‡ซ๐Ÿ‡ท Olivier Panis
14%
1 ๐Ÿ‡ป๐Ÿ‡ช Pastor Maldonado
14%
1 ๐Ÿ‡บ๐Ÿ‡ธ Pat Flaherty
14%
2 ๐Ÿ‡ซ๐Ÿ‡ท Patrick Depailler
14%
2 ๐Ÿ‡ฒ๐Ÿ‡ฝ Pedro Rodriiguez
14%
3 ๐Ÿ‡ฌ๐Ÿ‡ง Peter Collins
14%
1 ๐Ÿ‡ฌ๐Ÿ‡ง Peter Gethin
14%
2 ๐Ÿ‡บ๐Ÿ‡ธ Peter Revson
14%
1 ๐Ÿ‡ฎ๐Ÿ‡น Piero Taruffi
14%
1 ๐Ÿ‡บ๐Ÿ‡ธ Richie Ginther
14%
1 ๐Ÿ‡บ๐Ÿ‡ธ Rodger Ward
14%
1 ๐Ÿ‡บ๐Ÿ‡ธ Sam Hanks
14%
3 ๐Ÿ‡ง๐Ÿ‡ช Thierry Boutsen
14%
6 ๐Ÿ‡ฌ๐Ÿ‡ง Tony Brooks
14%
1 ๐Ÿ‡บ๐Ÿ‡ธ Troy Ruttman
14%
1 ๐Ÿ‡ฎ๐Ÿ‡น Vittorio Brambilla
14%
2 ๐Ÿ‡ฉ๐Ÿ‡ช Wolfgang von Trips
14%
3 ๐Ÿ‡ฉ๐Ÿ‡ช Heinz-Herald Frentzen
0%
No matching quizzes found
Score Distribution
Percent of People with Each Score
Percentile by Number Answered
Your Score History
You have not taken this quiz